| 000 | 00544nmm a2200145Ia 4500 | ||
|---|---|---|---|
| 008 | 251105s9999||||xx |||||||||||||||||und|| | ||
| 041 | _aspa | ||
| 100 | _aMontenegro Miranda, Germán (coord.) | ||
| 245 | 0 | _aArquitecturas insurgentes: Academia, resistencias y prácticas artísticas en arquitectura y urbanismo | |
| 264 |
_a[Bogotá, Colombia] : _bEditorial Pontificia Universidad Javeriana, _c2018 |
||
| 300 | _a178 páginas | ||
| 650 | _aArchitecture & Sculpture | ||
| 856 | _uhttps://public.digitaliapublishing.com/a/59773 | ||
| 942 | _cCF | ||
| 999 |
_c106599 _d106599 |
||